Find the Countries of Asia Quiz Stats

 Plays Quiz Updated Jul 13, 2016

Challenge
Share
Tweet
Score 0/49 Timer 10:00
79 Plays Today
% Correct
Russia
88.4%
China
88.2%
India
87.3%
Japan
86.7%
North Korea
86.6%
South Korea
86.5%
Turkey
84.5%
Mongolia
83.7%
Saudi Arabia
83.2%
Philippines
82.2%
Indonesia
80.6%
Vietnam
78.9%
Iran
78.4%
Sri Lanka
77.8%
Pakistan
77.7%
Nepal
77.5%
Taiwan
77.2%
Kazakhstan
77%
Yemen
75.6%
Maldives
75.5%
Iraq
75.5%
Oman
75.3%
Afghanistan
74.6%
Thailand
72.8%
Syria
72.8%
% Correct
Bangladesh
72.6%
Malaysia
72.3%
Cambodia
71.9%
Laos
71.6%
UAE
71.4%
Myanmar
69.9%
Israel
69%
Jordan
67.6%
Georgia
66.7%
Bhutan
66.6%
Singapore
65.4%
Uzbekistan
65.2%
Qatar
65.1%
Palestine
64.3%
Kuwait
63.7%
Turkmenistan
63.4%
Timor-Leste
63.1%
Lebanon
63.1%
Armenia
63.1%
Kyrgyzstan
63.1%
Azerbaijan
60.3%
Tajikistan
59%
Brunei
58.5%
Bahrain
52.5%

You're not logged in!

Compare scores with friends on all Sporcle quizzes.
Join for Free
OR
Log In

You Might Also Like...

Show Comments

Extras

Top Quizzes Today


Score Distribution

Your Account Isn't Verified!

In order to create a playlist on Sporcle, you need to verify the email address you used during registration. Go to your Sporcle Settings to finish the process.

Report this User

Report this user for behavior that violates our Community Guidelines.

Details: